| 000 | 00000nam##2200000za#4500 |
| 001 | 9.644179 |
| 003 | CaOODSP |
| 005 | 20240314152355 |
| 007 | cr ||||||||||| |
| 008 | 150407|2014||||xxc|||||o f|0| 0 fre|d |
| 040 | |aCaOODSP|bfre |
| 043 | |an-cn--- |
| 086 | 1 |aPS18-10/2014F-PDF |
| 110 | 1 |aCanada. |bSécurité publique Canada. |
| 245 | 13|aLa corruption au Canada : |h[ressource électronique]|bdéfinitions et exécution / |crédigé par Deloitte S.E.N.C.R.L./s.r.l. principaux contributeurs : Anne-Marie Lynda Boisvert, Peter Dent, et Ophélie Brunelle Quraishi. |
| 260 | |aOttawa - Ontario : |bSécurité publique Canada |cc2014. |
| 300 | |a74p. |
| 500 | |a"Rapport no 46, 2014" |
| 504 | |aBibliographie. |
| 590 | |a15-05|b2015-01-30 |
| 775 | 08|tCorruption in Canada : |w(CaOODSP)9.699347 |
| 856 | 40|ahttp://publications.gc.ca|qPDF|s1.22 Mo|uhttps://publications.gc.ca/collections/collection_2015/sp-ps/PS18-10-2014-fra.pdf |